Flash Flood Hazard Assessment Of Swat River Catchment Using Remote Sensing And Gis Techniques / (Record no. 527869)
[ view plain ]
| 000 -LEADER | |
|---|---|
| fixed length control field | 00544nam a22001577a 4500 |
| 082 ## - DEWEY DECIMAL CLASSIFICATION NUMBER | |
| Classification number | 550.9 |
| 100 ## - MAIN ENTRY--PERSONAL NAME | |
| Personal name | Khan, Shaheen Sher |
| 245 ## - TITLE STATEMENT | |
| Title | Flash Flood Hazard Assessment Of Swat River Catchment Using Remote Sensing And Gis Techniques / |
| Statement of responsibility, etc. | Shaheen sher Khan. |
| 260 ## - PUBLICATION, DISTRIBUTION, ETC. | |
| Place of publication, distribution, etc. | Islamabad: |
| Name of publisher, distributor, etc. | SC & EE - NUST, |
| Date of publication, distribution, etc. | 2015. |
| 300 ## - PHYSICAL DESCRIPTION | |
| Extent | 70 p.: ill.; |
| Dimensions | 30cm. |
| 942 ## - ADDED ENTRY ELEMENTS (KOHA) | |
| Source of classification or shelving scheme | |
| Koha item type | Thesis |
| 650 ## - SUBJECT ADDED ENTRY--TOPICAL TERM | |
| Topical term or geographic name entry element | MS (RS & GIS) Thesis. |
| 700 ## - ADDED ENTRY--PERSONAL NAME | |
| Personal name | Dr. Muhammad Umar Khan Khattak |
| 650 ## - SUBJECT ADDED ENTRY--TOPICAL TERM | |
| -- | 19359 |
| 700 ## - ADDED ENTRY--PERSONAL NAME | |
| -- | 19360 |
| Withdrawn status | Lost status | Source of classification or shelving scheme | Damaged status | Not for loan | Permanent Location | Current Location | Shelving location | Date acquired | Total Checkouts | Full call number | Barcode | Date last seen | Price effective from | Koha item type |
|---|---|---|---|---|---|---|---|---|---|---|---|---|---|---|
| Central Library (CL) | Central Library (CL) | Thesis | 08/20/2019 | 550.9 | CL-T-2998 | 08/20/2019 | 08/20/2019 | Thesis | ||||||
| Central Library (CL) | Central Library (CL) | Thesis | 06/08/2020 | 621.3678 | CL-T-5676 | 06/08/2020 | 06/08/2020 | Thesis |
